000 00664nam a2200193Ia 4500
003 GCL
008 140319s9999 xx 000 0 ara d
040 _aGCL /
_cGCL
082 0 4 _a418
_bا ا
100 1 _aرضوان ابراهيم
245 1 0 _aازمة التعبير الادبى بين العامية والفصحى /
_cرضوان ابراهيم
700 1 _aابراهيم الابيارى
300 _a110 ص
490 _aالهيئة العامة للاستعلامات
_v0
650 0 4 _aاللغة العربية - العامية
650 0 4 _aاللغة العامية
650 0 4 _aاللغة العربية - الكتابة
942 _2ddc
_cBK
999 _c46895
_d46895